000 01513cam a2200133 4500500
005 20260405064225.0
041 _afre
042 _adc
100 1 0 _aLabre, Chantal
_eauthor
245 0 0 _aDictionnaire biblique culturel et littéraire
260 _bArmand Colin,
_c2002.
520 _aLa Bible, qui a nourri toute notre littérature, religieuse et non religieuse, et dont l'ignorance ne peut que conduire à fausser le sens des textes littéraires, est méconnue de nombreux lecteurs. Né de ce constat, ce Dictionnaire biblique culturel et littéraire, qui comporte plus de quatre cents mots ou expressions, offre : · un parcours culturel, dessiné à travers les sources, la référence aux textes d'origine, et illustré de nombreuses citations ; · un parcours littéraire, qui met en lumière l'emploi de ces mots par les écrivains, poètes et dramaturges de la littérature française ; · une histoire littéraire, avec l'évolution de ces termes, la naissance de genres littéraires, dans une perspective temporelle ou thématique favorisée par les renvois indiqués dans chaque entrée. L'avant-propos de cet ouvrage rappelle la composition des livres de l'Ancien et du Nouveau Testaments et présente les différentes langues de la Bible, ainsi que ses versions et traductions. Un index final des entrées et sous-entrées en facilite la consultation.
856 4 1 _uhttps://shs.cairn.info/dictionnaire-biblique-culturel-et-litteraire--9782200218287?lang=fr&redirect-ssocas=7080
999 _c2186348
_d2186348